| 000 | 01370nam0a22003251 4500 | ||
|---|---|---|---|
| 001 | rc\2220501 | ||
| 005 | 20250623022401.0 | ||
| 035 | _a(NLR Aleph) 006528446 | ||
| 090 |
_a6507103 _c6507103 |
||
| 100 | _a20110826d1979 |||y0rusy50 ca | ||
| 101 | 0 | _arus | |
| 102 | _aRU | ||
| 105 | _ay z ||||| | ||
| 200 | 1 | _aО формировании и использовании трудовых ресурсов в сельском хозяйстве РСФСР | |
| 210 |
_aМосква _cо-во "Знание" РСФСР _d1979 |
||
| 215 |
_a39 с. _d20 |
||
| 225 | 1 |
_aВ помощь лектору _fО-во "Знание" РСФСР, Науч.-метод. совет по пропаганде с.-х. знаний и передового опыта |
|
| 320 | _aБиблиогр.: с. 37-38 | ||
| 606 |
_aТрудовые ресурсы на селе _yРСФСР _jМатериалы для докладов, лекций и т. п. _2psbo |
||
| 686 |
_aУ9(2)320-640.99(2Р),0 _2rubbk |
||
| 686 |
_aУ9(2Р)320-640,0 _2rubbk |
||
| 700 | 1 |
_aРябова _bР.В. _gРаиса Владимировна |
|
| 701 | 1 |
_aЛитвиненко _bЛ.Т. _gЛидия Тарасовна |
|
| 801 | 0 |
_aRU _bNLR _gpsbo |
|
| 801 | 1 |
_aRU _bELAR _2rusmarc |
|
| 852 |
_aNLR _j80-4/8464 |
||
| 899 |
_aRuMoRGB _jM 79-21/1470 |
||
| 899 |
_aRuMoRGB _jM 79-21/1471 |
||
| 942 | _cBOOK | ||
| 980 | _aNB | ||